INTERNATIONAL STRATEGIC MANAGEMENT (Record no. 9496)

MARC details
000 -LEADER
fixed length control field 00457nam a22001577a 4500
003 - CONTROL NUMBER IDENTIFIER
control field SGT
020 ## - INTERNATIONAL STANDARD BOOK NUMBER
International Standard Book Number 9788131512296
082 ## - DEWEY DECIMAL CLASSIFICATION NUMBER
Classification number 658.049,PEN
100 ## - MAIN ENTRY--PERSONAL NAME
Personal name PENG W. MIKE
245 ## - TITLE STATEMENT
Title INTERNATIONAL STRATEGIC MANAGEMENT
260 ## - PUBLICATION, DISTRIBUTION, ETC. (IMPRINT)
Place of publication, distribution, etc NEW DELHI
Name of publisher, distributor, etc CENGAGE LEARNING
Year of Publication 2009
300 ## - PAGE DESCRIPTION
No. of Pages 429
650 ## - SUBJECT ADDED ENTRY--TOPICAL TERM
Topical term or geographic name as entry element MANAGEMENT
653 ## - KEYWORDS--INDEX TERM
Keyword term FOUNDATIONS OF GLOBAL STRATEGY, BUSINESS-LEVEL STRATEGIES, CORPORATE-LEVEL STRATEGIES, INTEGRATIVE CASES
942 ## - ADDED ENTRY ELEMENTS (KOHA)
Source of classification or shelving scheme Dewey Decimal Classification
Koha item type FCM Books
Holdings
Withdrawn status Lost status Source of classification or shelving scheme Damaged status Not for loan Collection code Home library Current library Shelving location Date acquired Vendor Name SGTU Full call number Accession No. (Barcode) Date last seen Bill Date Koha item type
    Dewey Decimal Classification   Not For Loan COMMERCE MANAGEMENT SGT Science & Social Sciences Library SGT Science & Social Sciences Library Reference Book 06/07/2016 DONATE BY DR. J.D.SINGH PROF.IIM SGTU 658.049,PEN CM1231 06/07/2016 06/07/2016 FCM Books